MARC

LEADER 00000nam0a2200000 4500
001 157597
005 20231101221958.0
010 |a 0521611504 
035 |a (RuTPU)RU\TPU\book\170949 
090 |a 157597 
100 |a 20090410d2005 m y0engy50 ba 
101 0 |a eng 
102 |a US 
105 |a a j 000zy 
200 1 |a Test your Business Vocabulary in Use. Advanced  |f J. Godwin, L. Strutt 
210 |a New York  |c Oxford University Press  |d 2005 
215 |a 79 p.  |c il. 
225 1 |a Professional English 
606 1 |a Английский язык  |x Учебные руководства и пособия  |x Пособия по развитию речи, разговорники  |2 stltpush  |3 (RuTPU)RU\TPU\subj\29074  |9 52486 
610 1 |a лексика 
610 1 |a разговорная речь 
610 1 |a деловое общение 
610 1 |a бизнес 
610 1 |a деловой английский язык 
686 |a Ш143.21-923.4  |v LBC/SL-A  |2 rubbk 
700 1 |a Godwin  |b J.  |g Joy 
701 1 |a Strutt  |b L.  |g Lyn 
801 1 |a RU  |b 63413507  |c 20090410  |g PSBO 
801 2 |a RU  |b 63413507  |c 20200528  |g PSBO 
942 |c BK